000 01854cam a22003855a 4500
001 16743578
005 20170105102906.0
008 110420s2011 nyu e b 001 0 eng c
010 _a 2011389731
020 _a9780984295173
020 _a0984295178
035 _a(OCoLC)ocn668190438
040 _aBTCTA
_cBTCTA
_dYDXCP
_dWI9WB
_dRCJ
_dBWX
_dUPZ
_dIXA
_dCDX
_dZCU
_dDLC
042 _apcc
043 _an-us---
_aa-iq---
_aa-af---
050 0 0 _aE907
_b.C366 2011
082 0 0 _a973.932092
_223
100 1 _aCarter, Stephen L.,
_d1954-
245 1 4 _aThe violence of peace :
_bAmerica's wars in the age of Obama /
_cStephen L. Carter.
260 _aNew York :
_bBeast Books,
_cc2011.
300 _axiv, 255 p. ;
_c25 cm.
504 _aIncludes bibliographical notes and index.
505 0 _aEliminating enemies -- No equivalence -- The rights and dignities of strangers -- The American proviso.
520 _aPresents an analysis of Barack Obama's views on war and the military in the first two years of his presidency, discussing his evolution from being a peace candidate to being a president conducting two wars and how this change affects national security and the nation's future.
600 1 0 _aObama, Barack
_xMilitary leadership.
650 0 _aNational security
_zUnited States.
650 0 _aAfghan War, 2001-
_xPolitical aspects
_zUnited States.
650 0 _aIraq War, 2003-2011
_xPolitical aspects
_zUnited States.
651 0 _aUnited States
_xMilitary policy.
856 4 2 _3Contributor biographical information
_uhttp://www.loc.gov/catdir/enhancements/fy1110/2011389731-b.html
856 4 2 _3Publisher description
_uhttp://www.loc.gov/catdir/enhancements/fy1110/2011389731-d.html
906 _a7
_bcbc
_cpccadap
_d2
_encip
_f20
_gy-gencatlg
942 _2ddc
_cBK
999 _c14891
_d14891